000 00701nam a2200241Ia 4500
003 OSt
005 20220918174136.0
006 a|||||r|||| 00| 0
007 ta
008 220917b |||||||| |||| 00| 0 eng d
024 _a10,663
037 _cTextual
040 _aARTS
_cARTS
_beng
041 _2eng
_aeng
082 _aM143aa, L1.1-.2(BB)
100 _aBesterman Theodore
_97867
245 0 _aPrinting
_b book collecting and illustrated books
260 _aTotowa
_bRowman and littlefield
_c1971
490 _aBesterman world bibliographies
650 _aINDUSTRIAL ARTS
942 _hM143aa, L1.1-.2(BB)
_cTEXL
_2CC
999 _c151950
_d151950